Obras Completas. Tomo IV
Збережено в:
| Автор: | |
|---|---|
| Формат: | Книга |
| Мова: | Spanish |
| Опубліковано: |
Madrid, España
Alianza Editores
1983
|
| Предмети: | |
| Теги: |
Додати тег
Немає тегів, Будьте першим, хто поставить тег для цього запису!
|
MARC
| LEADER | 00000nam a22000007a 4500 | ||
|---|---|---|---|
| 008 | 171127b xxu||||| |||| 00| 0 spa d | ||
| 040 | |a cru BVZT | ||
| 090 | |a 100 O-9o T.4 | ||
| 100 | |a Ortega y Gasset, José | ||
| 245 | |a Obras Completas. Tomo IV |c José Ortega y Gasset | ||
| 260 | |a Madrid, España |b Alianza Editores |c 1983 | ||
| 300 | |a 554 páginas. Tomo IV | ||
| 650 | |a FILOSOFÍA | ||
| 650 | |a ARTÍCULOS 1929 - 1933 | ||
| 650 | |a KANT | ||
| 650 | |a LA REBELIÓN DE LAS MASAS | ||
| 650 | |a MISIÓN DE LA UNIVERSIDAD | ||
| 650 | |a GOETHE DESDE DENTRO | ||
| 942 | |c SALA | ||
| 999 | |c 15402 |d 15402 | ||
